Statistics for Biggest Cities in South Korea Quiz

Click here to take the quiz!

General Stats

  • This quiz has been taken 1,514 times
  • The average score is 7 of 20

Answer Stats

Population City % Correct
10,251,297Seoul
100%
3,548,640Busan
94%
2,808,286Incheon
75%
2,508,563Daegu
70%
1,466,516Gwangju
49%
1,136,948Ulsan
45%
1,518,651Daejeon
42%
1,098,010Suwon
36%
647,504Jeonju
26%
979,412Seongnam
20%
1,091,733Changwon
19%
715,313Ansan
19%
662,852Cheongju
19%
614,170Anyang
18%
898,530Yongin
17%
961,451Goyang
16%
872,662Bucheon
16%
574,148Cheonan
14%
580,151Namyangju
11%
517,505Hwaseong
10%

Score Distribution

Percentile by Number Answered

Percent of People with Each Score

Your Score History

You have not taken this quiz